000 00577nam a2200205Ia 4500
003 LDD
008 181029s9999 xx 000 0 und d
020 _a8187358297
_c220.00
040 _cLDD
100 _aSingh, Upinder
245 0 _aDelhi
_bAncient History
_cUpinder Singh
260 _aNew Delhi
_bSocial Science
_c2006
300 _axxiv, 227p
365 _b220.00
440 _aReadings in history
901 _a3467
_b08-11-2006
902 _aG-418/06-07
_b17-11-2006
_cF
_dMPD
_e95
903 _aDiscount-10
_bReqst by : Kumar, Kapil (Dr.)
942 _2ddc
_cBK
999 _c76541
_d76541